000 00796nam a22002057a 4500
999 _c9744
_d9744
003 AR-CdUCM
008 190328b ||||| |||| 00| 0 spa d
040 _aMUNICIPALIDAD PROVINCIAL DEL CUSCO
_cBIBLIOTECA MUNICIPAL DEL CUSCO
082 _22 ed.
_a134 /
_bA83 / 1931
100 _aAustregesilo, A.
_926167
245 _aLas fuerzas curativas del espíritu :
_b(Persuasión, fe, sugestión, psicoanálisis)
260 _aBarcelona :
_bProvenza,
_c1931.
300 _a126 páginas ;
_c21 cm.
505 _aContenido : Prólogo -- Prefacio -- Consciente e inconsciente -- Manifestaciones habituales del inconsciente en el orden fisiológico y en le patológico ...
650 _aEspíritu
_925382
650 _aPsicoanálisis
_916757
650 _aFe
_98820
942 _2ddc
_cLIBROS
945 _arah